| 000 | 00481nam a22001337a 4500 | ||
|---|---|---|---|
| 005 | 20090205115841.0 | ||
| 008 | 090205t xxu||||| |||| 00| 0 eng d | ||
| 245 |
_aGCCI bulletin _bGoa chamber of Commerce and Industry |
||
| 260 |
_aPanji _bGoa chamber of Commerce and Industry _c2008- |
||
| 300 |
_av. _c26 cm |
||
| 310 | _amonthly | ||
| 270 |
_aPO Box No. 59, N R Bandekar Bhavan, Rude Ormuz Panji _bPanji _e403001 _k832-2424252 _l832-2425560 _mgoachamber@gmail.com |
||
| 942 |
_2ddc _cSR _s1 |
||
| 999 |
_c23070 _d23070 |
||